[Event "IRI-ch U12"]
[Site "Chess.com INT"]
[Date "2021.01.16"]
[Round "4"]
[White "Yazdani, Parham"]
[Black "Reshad, Radin"]
[Result "1/2-1/2"]
[WhiteElo "1355"]
[BlackElo "1090"]
[PlyCount "47"]
[EventDate "2021.01.16"]
[EventType "swiss"]
[EventRounds "11"]
[EventCountry "IRI"]
[SourceTitle "EXT 2022"]
[Source "ChessBase"]
[SourceDate "2021.10.06"]
[SourceVersion "1"]
[SourceVersionDate "2021.10.06"]
[SourceQuality "1"]

1. e4 e6 2. d4 d5 3. Nc3 Bb4 4. exd5 exd5 5. Bd3 Nc6 6. Be3 Nge7 7. Nge2 Be6 8. Qd2 Qd7 9. 0-0-0 0-0-0 10. a3 Ba5 11. Kb1 Kb8 12. Rhe1 h6 13. h3 g5 14. f4 f6 15. g4 Bf7 16. Ng3 Bb6 17. Nf5 Nxf5 18. Bxf5 Qd6 19. Nb5 Qf8 20. Bf2 Ba5 21. Nc3 a6 22. Re2 Qd6 23. Be3 Rde8 24. Rde1 1/2-1/2